Statistiques concernant Pays moins peuplés que Paris

Cliquez ici pour prendre le quiz!

Statistiques générales

  • Ce quiz a été pris 593 fois
    (413 depuis la dernière actualisation)
  • Le résultat moyen est 27 sur 52

Statistiques - réponses

PopulContinentPays% Correct
1 KEuropeVatican
90%
77 KEuropeAndorre
86%
40 KEuropeMonaco
85%
38 KEuropeLiechtenstein
79%
642 KEuropeLuxembourg
76%
34 KEuropeSaint-Marin
75%
444 KEuropeMalte
67%
909 KOcéanieFidji
64%
185 KAmérique du NordSainte-Lucie
64%
54 KAmérique du NordSaint-Christophe-et-Niévès
59%
112 KAmérique du NordSaint-Vincent-et-les-Grenadines
57%
1,2 MAsieChypre
56%
117 KOcéanieMicronésie
56%
322 KOcéanieVanuatu
56%
72 KAmérique du NordDominique
55%
60 KOcéanieÎles Marshall
55%
11 KOcéanieNauru
55%
568 KAfriqueCap-Vert
54%
1,3 MEuropeEstonie
54%
123 KOcéanieKiribati
54%
1,8 M
EuropeLettonie
54%
108 KOcéanieTonga
54%
12 KOcéanieTuvalu
54%
99 KAfriqueSeychelles
53%
288 KAmérique du NordBarbade
52%
907 KAfriqueComores
52%
721 KOcéanieÎles Salomon
51%
1,3MAfriqueMaurice
51%
345 KEuropeIslande
50%
18 KOcéaniePalaos
50%
202 KOcéanieSamoa
50%
228 KAfriqueSao Tomé-et-Principe
50%
100 KAmérique du NordAntigua-et-Barbuda
49%
628 KEuropeMonténégro
49%
113 KAmérique du NordGrenade
48%
2,1 MEuropeMacédoine du Nord
48%
1,4 MAmérique du NordTrinité-et-Tobago
48%
412 KAmérique du NordBelize
47%
445 KAsieBrunei
45%
1,2 MAfriqueEswatini
45%
597 KAmérique du SudSuriname
44%
397 KAmérique du NordBahamas
43%
794 KAmérique du SudGuyana
41%
1,5 MAsieBahreïn
39%
1 MAfriqueDjibouti
39%
541 KAsieMaldives
38%
2,1 MEuropeSlovénie
38%
788 KAsieBhoutan
36%
1,4 MAsieTimor oriental
36%
1,5 MAfriqueGuinée équatoriale
26%
2,1 MAfriqueGuinée-Bissau
21%
1,8 MAfriqueGabon
9%

Distribution des résultats

Percentile par nombre de réponses

% des personnes avec chaque résultat

Votre développement - résultats

Vous n’avez pas pris ce quiz depuis la dernière actualisation